Программное обеспечение систем автоматизированного проектирования: сборник научных трудов

Bibliografiske detaljer
Institution som forfatter: Рижский политехнический ин-т им. А. Я. Пельше
Andre forfattere: Осис Я. Я. Ян Янович (редактор)
Sprog:russisk
Udgivet: Рига, РПИ, 1988
Fag:
Format: MixedMaterials Bog
KOHA link:https://koha.lib.tpu.ru/cgi-bin/koha/opac-detail.pl?biblionumber=130353

MARC

LEADER 00000nam0a2200000 4500
001 130353
005 20231031133853.0
020 |a RU  |b 89-5820 
035 |a (RuTPU)RU\TPU\book\141179 
090 |a 130353 
100 |a 20080202d1988 km y0rusy5003 ca 
101 0 |a rus 
102 |a LV 
105 |a a z 001zy 
200 1 |a Программное обеспечение систем автоматизированного проектирования  |e сборник научных трудов  |f Рижский политехнический ин-т им. А. Я. Пельше ; под ред. Я. Я. Осиса 
210 |a Рига  |c РПИ  |d 1988 
215 |a 128,[2] с.  |c ил. 
320 |a Библиогр. в конце ст. 
610 1 |a автоматизированные системы проектирования 
610 1 |a программное обеспечение 
610 1 |a САПР 
610 1 |a конструирование 
675 |a 658.512.2  |z rus 
702 1 |a Осис  |b Я. Я.  |g Ян Янович  |4 340 
712 0 2 |a Рижский политехнический ин-т им. А. Я. Пельше 
801 0 |a RU  |b RuMRKP  |c 19950417  |g psbo 
801 1 |a RU  |b 63413507  |c 20080202  |g PSBO 
801 2 |a RU  |b 63413507  |c 20140206  |g PSBO 
942 |c BK